Building and civil engineering standard form : first supplement up to date to March 1, 1970 second supplement up to date to March I 1973

Bibliographic Details
Main Author: Wallace, I. N. Duncan
Format: Book
Published: London : Sweet & Maxwell , 1987
Subjects:

MARC

LEADER 00000cam a2200000 7i4500
001 0000004004
005 20060418.0
020 |a 042137750X 
040 |a INS 
090 0 0 |a TH425.   |b W192 1987 
100 1 |a Wallace, I. N. Duncan 
245 1 0 |a Building and civil engineering standard form :   |b first supplement up to date to March 1, 1970 second supplement up to date to March I 1973   |c I. N. Duncan. Wallace 
260 |a London :   |b Sweet & Maxwell ,   |c 1987 
300 |a 22 cm 
650 0 0 |a Building   |x Contracts and specifications 
999 |a 000003705A   |b BOOK   |c Open Shelf   |e Default branch